| 000 | 02152nam a2200529Ii 4500 | ||
|---|---|---|---|
| 001 | DIGSIRLA0454 | ||
| 003 | NyNyDIG | ||
| 006 | m o d | ||
| 008 | 170410s2015 sp a o 001 0 spa d | ||
| 007 | cr ||||||||||| | ||
| 035 | _a(OCoLC)982110274 | ||
| 040 |
_aDGITA _beng _erda _epn _cDGITA |
||
| 020 |
_a9788416465743 _q(eBook ; _qePub) |
||
| 020 |
_a8416465746 _q(eBook ; _qePub) |
||
| 020 |
_a9788416465750 _q(eBook ; _qKindle) |
||
| 020 |
_a8416465754 _q(eBook ; _qKindle) |
||
| 020 | _z9788416396207 | ||
| 020 | _z8416396205 | ||
| 041 | 1 |
_aspa _heng |
|
| 050 | 1 | 4 | _aGN281 ebook |
| 082 | 0 | 4 | _a599.938 |
| 100 | 1 |
_aStefoff, Rebecca, _d1951- _eauthor. |
|
| 240 | 1 | 0 |
_aThird chimpanzee for young people. _lSpanish _s(Corniero) |
| 245 | 1 | 3 |
_aEl tercer chimpancé para jóvenes : _borigen y futuro del animal humano / _cJared Diamond ; adaptado por Rebecca Stefoff ; traducción del inglés de María Corniero. |
| 246 | 3 | _aTercer chimpancé | |
| 250 | _aEdición en formato digital. | ||
| 264 | 1 |
_a[Madrid] : _bSiruela _c[2015] |
|
| 300 |
_a1 online resource : _billustrations. |
||
| 336 |
_atext _btxt _2rdacontent |
||
| 337 |
_acomputer _bc _2rdamedia |
||
| 338 |
_aonline resource _bcr _2rdacarrier |
||
| 490 | 1 |
_aLas tres edades/Nos gusta saber ; _v18 |
|
| 588 | 0 | _aOnline resource; title from ePub title page (Digitalia, viewed April 10, 2017) | |
| 650 | 0 |
_aHuman evolution _vJuvenile literature. |
|
| 650 | 0 |
_aSocial evolution _vJuvenile literature. |
|
| 650 | 0 |
_aNature _xEffect of human beings on _vJuvenile literature. |
|
| 655 | 0 | _aElectronic books. | |
| 700 | 1 |
_aDiamond, Jared M., _eauthor. |
|
| 700 | 1 |
_aCorniero, María, _etranslator. |
|
| 791 | 2 |
_aDigitalia (Firm), _edistributor. |
|
| 793 | 0 |
_gDigitalia eBook Collection: _aSiruela |
|
| 776 | 0 | 8 |
_iPrint version: _aStefoff, Rebecca, 1951- _sThird chimpanzee for young people. Spanish (Corniero). _tTercer chimpancé para jóvenes. _dMadrid : Siruela, [2015] _z9788416396207 |
| 830 | 0 |
_aTres edades. _pNos gusta saber ; _v18. |
|
| 856 | 4 | 0 |
_3Digitalia Hispánica _uhttps://www.digitaliapublishing.com/a/44747/ |
| 910 | _aPremium collection: 2017 | ||
| 942 | _cRAA | ||
| 999 |
_c248731 _d248731 |
||